000 00238nam a22001097a 4500
082 _aم ح م
100 _aمحمد زکریا شیخ
245 _aفضاءل رمضان
260 _aکراچی
_c۱۹۹۴
300 _a۶۸
942 _cBK
999 _c11716
_d11716